Dictadura y educación. tomo 3 : los textos escolares en la historia argentina reciente /

Guardado en:
Autor Principal: Kaufmann, Carolina, dir.
Formato: Libro
Publicado: Madrid : Miño y Dávila, 2006
Materias:
Etiquetas: Agregar Etiqueta
Sin Etiquetas, Sea el primero en etiquetar este registro!
LEADER 00719nam a22002295a 4500
001 CEM.cems014077
008 130507s2006##################000#0#####d
005 20210705090536.0
003 CEMS
245 1 0 |a Dictadura y educación. tomo 3 :  |b los textos escolares en la historia argentina reciente /  |c Dirigido Por Carolina Kaufmann 
260 |a Madrid :  |b Miño y Dávila,  |c 2006 
300 |a 224 p. 
590 |a 1055.013 
020 |a 8496571106 
100 1 |a Kaufmann, Carolina, dir. 
653 |a Educación 
653 |a Pedagogía 
653 |a Historia argentina 
653 |a Historia de la educación 
653 |a Política educativa 
653 |a Biblioteca TC 
859 |a CEMS  |b BIB. CEMS - 11 de abril  |h TC  |p 1055.013  |t Ej.1